LEADER 01459nam a2200337 u 4500 001 000000081426 003 CaOOAMICUS 005 20070226123744.0 008 050322s2004 it u000 u ita u 020 $a8845213625 035 $a11035582 040 $aPUL$bita 041 1 $aita$aeng 100 1 $aRorty, Richard,$d1931-2007.$0(OLS)http://pul/name/52627 240 10$aPhilosophy and the mirror of nature.$lItaliano.$0(OLS)http://pul/title/106505 245 13$aLa filosofia e lo specchio della natura /$cRichard Rorty ; nota introduttiva di Diego Marconi e Gianni Vattimo ; traduzione di Gianni Millone e Roberto Salizzoni. 260 $aMilano :$bR.C.S. Libri,$c2004. 300 $axxxiv, 796 p. ;$c22 cm 490 1 $aBompiani Il pensiero occidentale 500 $aInclude indice. 500 $aTesto inglese a fronte. 504 $aBibliografia in nota. 650 4$aFilosofia.$0(OLS)http://pul/subject/362 830 0$aBompiani Il pensiero occidentale.$0(OLS)http://pul/title/99836 850 $aPUL 852 $aPUL$W1$xSL Filosofia 3$y81$m190 COLL 2.63$j124165$nBK-PRI$qDDC 21$q $B103868$CPULBib$Z2$F103868 $H97367 $81 941 1 $a10 983 3$aIl pensiero occidentale (Bompiani) 996 $6020$a8845213625$9(OLS)http://pul/number/107877 996 $6245$aLa filosofia e lo specchio della natura$9(OLS)http://pul/title/106506 996 $6260$aMilano :$bR.C.S. Libri$9(OLS)http://pul/publisher/74600 LEADER 01265nam a2200289 a 4500 001 000000167835 003 CaOOAMICUS 005 20180523094446.0 008 180523s2018 gw u001 u eng r 020 $z9783161555169* 032 $aLibriCat 040 $aPUL$bita 100 1 $aBurkett, Delbert Royce.$0(OLS)http://pul/name/53391 245 14$aThe case for proto-Mark :$ba study in the synoptic problem /$cDelbert Burkett. 260 $aTübingen :$bMohr Siebeck,$cİ2018. 300 $aXIV, 316 p. ;$c24 cm. 490 1 $aWissenschaftliche Untersuchungen zum Neuen Testament ;$v399 504 $aInclude riferimenti bibliografici e indici. 630 04$aBiblia.$pN.T.$pMarcus.$0(OLS)http://pul/subject/37837 830 0$aWissenschaftliche Untersuchungen zum Neuen Testament ;$v399.$0(OLS)http://pul/title/8628 850 $aPUL 852 $aPUL$W1$xSL Religione 1$y3$m16 H 399$j191564$qStampati$B195567$CPULBib$Z2$F195567 $H130822 $81 941 1 $a8 996 $6020$z9783161555169*$9(OLS)http://pul/number/164144 996 $6245$aThe case for proto-Mark :$ba study in the synoptic problem$9(OLS)http://pul/title/207963 996 $6260$aTübingen :$bMohr Siebeck$9(OLS)http://pul/publisher/52004